01511cam a22003374i 4500003000900000005001700009008004100026020001500067020001500082020001800097020001800115035002700133040004600160082002000206100002400226245010100250264003400351300005600385336002000441337002400461338002200485490002100507505057700528526000901105526000901114526000801123526000801131526000801139526000801147541001801155PE-LiUPU20250731175619.0140404s2013 sp a e 000 0 spa d a8499213987 a8499214002 a9788499213989 a9788499214009 a(Sirsi) i9788499213989 aIT-TrCBbspacITCBTdOCLCQdPE-LiUPUerda04a468.24bG132201 aGago, Emma,eautor.10aConstruyendo culturas :bManual para el desarrollo de la competencia intercultural /cEmma Gago. aBarcelona :bOctaedro,c2013. a118 páginas :bilustraciones ;c26 centímetros. text2rdacontent unmediated2rdamedia volume2rdacarrier1 aOctaedro eleDele2 aIntroducción -- Español: lengua y cultura -- Fmilia : un nuevo concepto -- Universidad: adiós a la lección magistral -- Juventud: la generación indignada -- Religión: tópico y estado laico -- Hombres: el mito del macho ibérico -- Mujer: ¿el sexo debil? -- Inmigración: el español extranjero -- Gastronomía: la nueva dieta mediterránea -- Arte: lo estético, lo comercial, lo perverso -- Ciencia: por el desarrollo -- Literatura: locura por los libros -- Patrimonio de la humanidad -- Cine: el séptimo arte -- Memoria histórica: por el cambio. aP145 aP127 aP97 aP35 aP14 aP07 g0020-0000903;